| 000 | 00652nam a22002537a 4500 | ||
|---|---|---|---|
| 003 | OSt | ||
| 005 | 20140310182905.0 | ||
| 008 | 130126t xxu||||| |||| 00| 0 eng d | ||
| 020 | _a9712348754 | ||
| 050 |
_aHM51 _b.P163 2007 |
||
| 082 |
_aFIL 301 _2P17 2007 |
||
| 245 |
_aIntroduction to sociology and anthropology _cPalispis, Epitacio S. |
||
| 260 |
_aManila : _bRex Book Store, _cc2007. |
||
| 300 |
_a497 p. ; _c23 cm. |
||
| 521 | _aCollege | ||
| 526 | _c1210L-1700L | ||
| 541 | _j1 | ||
| 541 | _j2 | ||
| 541 | _j3 | ||
| 541 | _j1,2,3,4,5 | ||
| 541 | _j5 | ||
| 562 | _e5 | ||
| 942 |
_2lcc _cBK _kFIL |
||
| 999 |
_c17141 _d17141 |
||